Quizzes
Events
Quiz Creation
Community
Videos
Private Events
Remove Ads
Sign In
Join for FREE
Feedback
Dark Mode
Quiz Categories
Sports
Geography
Music
Movies
Television
Just For Fun
Miscellaneous
History
Literature
Language
Science
Gaming
Entertainment
Religion
Holiday
For Kids
Quiz Lab
Recent
Popular Today
Quiz Kudos Today
Editor Picks
Curator Picks
Quizzes by...
Day
Popularity
Type
Ratings
Length
Year
Community
Subscriptions
Recent Discussions
Orange Saloon
Badges
Playlists
Quests
Create
Leaderboards
Showdown
Live 5
Trivia Bingo
Activity
Puzzle Library
Sporcle Events
Private Events
Virtual Trivia
Globe League
Become a Host
Pub Owners
SporcleCon
Opinionation
Our Games
Videos
Blog
Mobile Apps
Partnerships
Remove Ads and Go Orange
Feedback
Sports
Athletes
MLB
NBA
NHL
NFL
Soccer
Sports Teams
WWE
NCAA
Football
Premier League
Basketball
Baseball
Hockey
Golf
Tennis
Cricket
Rugby
Auto Racing
Olympics
World Cup
Sports
Athletes
MLB
NBA
NHL
NFL
Soccer
Sports Teams
WWE
NCAA
Football
Premier League
Basketball
Baseball
Hockey
Golf
Tennis
Cricket
Rugby
Auto Racing
Olympics
World Cup
Random Quiz
Search Sporcle
×
Quiz Lab
Quiz Lab
Sports
Sports Teams
Type in answers that appear in a list
Type in answers that appear in a list
Classic
Best Score? Go Orange.
Big 4 Team Names Starting with A, B, or C Stats
Can you name the Big 4 teams (not cities) that begin with A, B, or C?
By
SlamHouston
4m
34 Questions
417 Plays
417 Plays
417 Plays
Comments
Comments
Give Quiz Kudos
Give Quiz Kudos
-
- Ratings
hide this ad
Replay
Link that replays current quiz
Next Quiz
Link to next quiz in quiz playlist
You Got
0%
They Got
Avg Score
73%
Avg Friend Score
Upgrade to see
Score Distribution
Jump to the score distribution portion of the page
Score
0/34
Timer
04:00
0
Plays Today
League
Answer
% Correct
MLB
Cardinals
88.2%
NFL
Cardinals
88.2%
MLB
Angels
84.4%
MLB
Athletics
83.9%
NFL
Bears
83.9%
NHL
Bruins
81.8%
NBA
Celtics
81.8%
NFL
Bills
81.3%
NFL
Browns
80.8%
NFL
Bengals
80.6%
MLB
Cubs
77.7%
MLB
Braves
77.2%
MLB
Astros
76.7%
NBA
Bulls
76.3%
NFL
Cowboys
75.3%
NHL
Avalanche
74.8%
NBA
Cavaliers
74.6%
League
Answer
% Correct
NFL
Chargers
74.3%
NFL
Colts
72.9%
NFL
Buccaneers
71.7%
NFL
Broncos
71%
NFL
Chiefs
70.3%
NHL
Canucks
70%
MLB
Brewers
68.6%
NBA
Bucks
67.1%
MLB
Blue Jays
66.7%
NHL
Canadiens
66.4%
NHL
Blue Jackets
65.7%
NBA
Clippers
63.5%
NHL
Blackhawks
63.3%
NHL
Blues
62.8%
NHL
Capitals
56.6%
NHL
Coyotes
54.9%
NBA
Bobcats
54.7%
Quiz Playlist
Details
Report
Send in Message
Add To Playlist
Classic:
Type in answers that appear in a list
Last Updated: Feb 16, 2017
Quiz Scoreboard
CHALLENGE
Sign Up to Join the Scoreboard
Show All
Scores
Hide
Comments
May contain spoilers
Recently Published
TV Characters by Other Roles V
by ghcgh
Television
5m
Decade Duel: World Leaders
by jenniferyan
History
4m
Alphabetical 'K' Countries by Flag Minefield
by ylime102
Geography
3m
More to Explore
Quiz From the Vault
Featured Blog Post
15 Basketball Trivia Facts You Can Be March Mad About
hide this ad
You Might Also Like...
Tags
City Quiz
Sports Teams Quiz
Big 4
League
Starting
team
Today's Top Quizzes in Sports
Browse Sports
hide this ad
Today's Top Quizzes in Sports Teams
Browse Sports Teams
Top Contributed Quizzes in Sports
1
Les joueurs à 100 buts en Ligue 1 Uber Eats
2
2022 World Cup Stars
3
Pick 6: NFL Teams
4
MLB 2 truths and a lie: Hall of Fame pitchers
5
Pick 6: Minor League Baseball
6
Millionaire: NBA Finals Edition
7
Pick 6: Olympics
8
Click the 1998 NBA Draft
9
Criteria MLB: Left Handed Sluggers
10
NBA Logic Puzzle 2.0
Explore More
Trending Topics
Marvel
Harry Potter
Anime
Disney
Kpop
NBA
Crossword
Country
WWE
The Office
Puzzle
Pokémon
NFL
Song
Soccer
hide this ad
More By:
SlamHouston
Quiz
Plays
Rating
Category
Featured
Created
Word Ladder: Basketball Move
59,173
3.87
Just For Fun
Mar 2, 2011
Wrestling Word Ladder
837
4.33
Sports
Jun 3, 2010
WrestleMania 28 Word Ladder
769
3.20
Entertainment
Mar 27, 2012
Big 4 Team Names Starting with A, B, or C
417
4.50
Sports
Jun 17, 2010
Movie Chains
280
3.25
Movies
Aug 16, 2010
Go to Creator's Profile
Score Distribution
Quiz Creator Spotlight
SlamHouston
Follow
Send a Message
Quizzes Created
-
Created Quiz Play Count
-
More By This Creator
Popular Quizzes Today
1
Countries of Asia Without Outlines Minefield
2
Find the US States - No Outlines Minefield
3
Pick 6: Fruits
4
The Countries of the World
5
Alphabetical 'K' Countries by Flag Minefield
6
Find the Countries of Europe - No Outlines Minefield
7
US States
8
Find the US States
More Sports Quizzes
Wheaties Box A-Z
Published
Trending Quizzes
Pick 6: Mountains
Pick 6: Harry Potter
Pick 6: Flags
Pick 6: NFL Teams
Pick 6: Movie Franchises
Recently Updated
Adaptations: Name the Title
pecheneg
NWSL Teams
pecheneg
Women's Final Four Teams by Year
bhenderson79
Presidents Quartet II
eogle
Anything But Clue(do)
eogle
Anything But Oceanian Capitals
eogle
Anything But 7
eogle
Anything But Thing
eogle
Word Ladder: February 29
pecheneg
Song Title Questions
pecheneg
Trending Topics
NBA
Harry Potter
Kpop
Disney
Crossword
Anime
Marvel
Puzzle
WWE
Song
The Office
Soccer
Country
Pokémon
NFL
Your Account Isn't Verified!
In order to create a playlist on Sporcle, you need to verify the email address you used during registration. Go to your
Sporcle Settings
to finish the process.
Report this User
Report this user for behavior that violates our
Community Guidelines
.
Details:
Send Report
Go to the Sporcle.com Mobile Site →
Comments